Reporte de fase de campo para el sistema producto piña (Ananas comosus L) en los estados de la región de estudio Oaxaca, Veracruz y Quintana Roo / (Record no. 217711)
[ view plain ]
| 000 -CABECERA | |
|---|---|
| campo de control de longitud fija | 02020nam a22003017a 4500 |
| 003 - IDENTIFICADOR DEL NÚMERO DE CONTROL | |
| campo de control | CHAP |
| 005 - FECHA Y HORA DE LA ÚLTIMA TRANSACCIÓN | |
| campo de control | 20240522115403.0 |
| 007 - CAMPO FIJO DE DESCRIPCIÓN FÍSICA--INFORMACIÓN GENERAL | |
| campo de control de longitud fija | ta |
| 008 - DATOS DE LONGITUD FIJA--INFORMACIÓN GENERAL | |
| campo de control de longitud fija | 221107s2021 mx bdo|fs|||| 00| 0 spa d |
| 040 ## - FUENTE DE LA CATALOGACIÓN | |
| Centro catalogador/agencia de origen | mxchpua |
| 090 ## - LOCALMENTE ASIGNADO TIPO-LC NÚMERO DE CLASIFICACIÓN (OCLC); NÚMERO DE CLASIFICACIÓN LOCAL (RLIN) | |
| Número de clasificación (OCLC) (R) ; Numero de clasificación, CALL (RLIN) (NR) | T.C.857 |
| Número cutter local (OCLC) ; Número de libro/Signatura topográfica íntegra, CALL (RLIN) | M38 IAI |
| Año | 2021 |
| 245 10 - MENCIÓN DE TÍTULO | |
| Título | Reporte de fase de campo para el sistema producto piña (Ananas comosus L) en los estados de la región de estudio Oaxaca, Veracruz y Quintana Roo / |
| Mención de responsabilidad, etc. | coordinadora Laura Martín Márquez Roa ; colaboradores Lucia del Carmen Aguilar López...[y otros] |
| 260 ## - PUBLICACIÓN, DISTRIBUCIÓN, ETC. | |
| Lugar de publicación, distribución, etc. | México, Chapingo : |
| Nombre del editor, distribuidor, etc. | El autor, |
| Fecha de publicación, distribución, etc. | 2021 |
| 300 ## - DESCRIPCIÓN FÍSICA | |
| Extensión | 1 recurso en línea (en varias páginas) : |
| Otras características físicas | gráficas, mapas, fotos |
| 336 ## - TIPO DE CONTENIDO | |
| Fuente | rdacontent |
| Término de tipo de contenido | texto |
| Código de tipo de contenido | txt |
| 337 ## - TIPO DE MEDIO | |
| Fuente | rdamedia |
| Nombre/término del tipo de medio | computadora |
| Código del tipo de medio | c |
| 338 ## - TIPO DE SOPORTE | |
| Fuente | rdacarrier |
| Nombre/término del tipo de soporte | recurso en línea |
| Código del tipo de soporte | cr |
| 500 ## - NOTA GENERAL | |
| Nota general | Grado: 5° Grupo: 4<br/>Directorio: pág. 137-138 |
| 502 ## - NOTA DE TESIS | |
| Nota de tesis | Viaje de Estudios |
| Tipo de título | (IAI) -- |
| Nombre de la institución que otorga el título | UACh. Departamento de Ingeniería Agroindustrial, |
| Año de obtención del título | 2021 |
| 504 ## - NOTA DE BIBLIOGRAFÍA, ETC. | |
| Nota de bibliografía, etc. | Bibliografía: pág. 123-127 |
| 505 00 - NOTA DE CONTENIDO CON FORMATO | |
| Título | Visitas: -- <br/>1. Equisye -- <br/>2. Pitahayas Eco Edén -- <br/>3. Grupo Frutícola del Sur SPR de RL. -- <br/>4. Felipe Trujillo León -- <br/>5. Ing. Wenceslao Hernández González -- <br/>6. Pitahayas La Roca -- <br/>7. Ing. Juan Carlos Campis Pacheco -- <br/>8. Rancho Lib e rtad -- <br/>9. Brigada de Educación p a ra el Desarrollo Rural No. 17 -- <br/>10. Miguel Ángel Acosta Carmona -- <br/>11. Dulces y Mermeladas Ch’ujukil -- <br/>12. Rancho La Pit’yaya -- <br/>13. Ing. Carlos Eduardo Chable Poot -- <br/>14. Pitayas y Pit ahayas Huitziltepec -- <br/>15. Pitahayas Gamar -- <br/>16. Pitahayas San José de Meza (cooperativa) -- <br/>17. PITAMEX |
| 650 13 - PUNTO DE ACCESO ADICIONAL DE MATERIA--TÉRMINO DE MATERIA | |
| 9 (RLIN) | 5473 |
| Término de materia o nombre geográfico como elemento de entrada | Ananas comosus |
| 650 13 - PUNTO DE ACCESO ADICIONAL DE MATERIA--TÉRMINO DE MATERIA | |
| 9 (RLIN) | 156405 |
| Término de materia o nombre geográfico como elemento de entrada | Piñas |
| Subdivisión general | Industria y comercio |
| Subdivisión geográfica | México |
| 650 13 - PUNTO DE ACCESO ADICIONAL DE MATERIA--TÉRMINO DE MATERIA | |
| 9 (RLIN) | 156404 |
| Término de materia o nombre geográfico como elemento de entrada | Pineapples |
| Subdivisión general | Industry and trade |
| Subdivisión geográfica | Mexico |
| 700 1# - PUNTO DE ACCESO ADICIONAL--NOMBRE DE PERSONA | |
| 9 (RLIN) | 76348 |
| Nombre de persona | Márquez Roa, Laura Martín |
| Término indicativo de función/relación | coordinadora |
| 700 1# - PUNTO DE ACCESO ADICIONAL--NOMBRE DE PERSONA | |
| Nombre de persona | Aguilar López, Lucía del Carmen |
| Término indicativo de función/relación | colaboradora |
| 9 (RLIN) | 185597 |
| 856 42 - LOCALIZACIÓN Y ACCESO ELECTRÓNICOS | |
| Identificador Uniforme del Recurso | <a href="http://10.13.5.2/ve/T_C_857_IAI/T_C_857_IAI_2021-REPORTE_pdf">http://10.13.5.2/ve/T_C_857_IAI/T_C_857_IAI_2021-REPORTE_pdf</a> |
| Texto de enlace | Descargar REPORTE |
| Estado de retiro | Estado de pérdida | Fuente del sistema de clasificación o colocación | Estado dañado | No para préstamo | Código de colección | Localización permanente | Ubicación/localización actual | Ubicación en estantería | Fecha de adquisición | Fuente de adquisición | Total de préstamos | Signatura topográfica completa | Código de barras | Fecha visto por última vez | Tipo de ítem Koha |
|---|---|---|---|---|---|---|---|---|---|---|---|---|---|---|---|
| Clasificación Universidad Autónoma de Chapingo | Viajes de estudio - En línea | Ingenieria Agroindustrial | Ingenieria Agroindustrial | En línea | 07/11/2022 | El autor | T.C.857 M38 IAI 2021 | 1206015711 | 07/11/2022 | Viajes de Estudio - En línea |
